| 000 | 00706nam a2200193Ii 4500 | ||
|---|---|---|---|
| 003 | JO-AjNU | ||
| 008 | 230605s9999||||xx |||||||||||||| ||und|| | ||
| 040 |
_aJO-AjNU _bara _erda _cJO-AjNU |
||
| 041 | _aara | ||
| 050 | 1 | 4 | _aBP173.25.M836 1988 |
| 100 | 3 |
_aفهمي، محمد سيد, _eauthor _916960 |
|
| 245 | 0 | 0 | _aمدخل الى الرعاية الإجتماعية من منظور إسلامي |
| 264 | 3 | 1 | _aالاسكندرية: المكتب الجامعي الحديث، 1988 |
| 300 | _a210ص | ||
| 336 |
_atext _btxt _2rdacontent |
||
| 337 |
_aunmediated _bn _2rdamedia |
||
| 338 |
_avolume _bnc _2rdacarrier |
||
| 650 | 4 |
_aالمجتمعات الاسلامية- الاسلام والمجتمع _916961 |
|
| 999 |
_aA5140 _c8708 _d8708 |
||